[Event "Oberliga Ost-A 1516"]
[Site "Germany"]
[Date "2016.04.09"]
[Round "10.8"]
[White "Buerckner, Georg"]
[Black "Sonntag, Hermann"]
[Result "1-0"]
[WhiteElo "2061"]
[BlackElo "2080"]
[PlyCount "57"]
[EventDate "2015.09.20"]
[EventType "team-tourn"]
[EventRounds "11"]
[EventCountry "GER"]
[SourceTitle "EXT 2017"]
[Source "ChessBase"]
[SourceDate "2016.10.25"]
[SourceVersion "1"]
[SourceVersionDate "2016.10.25"]
[SourceQuality "1"]
[WhiteTeam "Sangerhausen"]
[BlackTeam "Leipzig SG II"]
[WhiteTeamCountry "GER"]
[BlackTeamCountry "GER"]

1. e4 e6 2. d4 d5 3. exd5 exd5 4. Bd3 Bd6 5. Nf3 Bg4 6. 0-0 Ne7 7. c3 c6 8. Re1 Qc7 9. h3 Bh5 10. Bg5 f6 11. Be3 Nd7 12. Nbd2 0-0-0 13. c4 dxc4 14. Nxc4 Nd5 15. Be4 Bb4 16. Re2 N7b6 17. Qc2 Bf7 18. Nxb6+ Qxb6 19. a3 Bd6 20. Rc1 g6 21. Nd2 Nxe3 22. fxe3 Rhe8 23. Bf3 Bg3 24. Qa4 Bd5 25. Bxd5 Rxd5 26. Nc4 Qc7 27. Qxa7 Rb5 28. d5 Re4 29. Rec2 1-0

[Event "Leipzig VfB op 23rd"]
[Site "Leipzig"]
[Date "2016.03.16"]
[Round "2"]
[White "Roesemann, Rainer"]
[Black "Sonntag, Hermann"]
[Result "1/2-1/2"]
[WhiteElo "2284"]
[BlackElo "2024"]
[PlyCount "81"]
[EventDate "2016.03.15"]
[EventType "swiss"]
[EventRounds "9"]
[EventCountry "GER"]
[SourceTitle "EXT 2017"]
[Source "ChessBase"]
[SourceDate "2016.10.25"]
[SourceVersion "1"]
[SourceVersionDate "2016.10.25"]
[SourceQuality "1"]

1. c4 e5 2. g3 Nc6 3. Bg2 g6 4. Nc3 Bg7 5. e4 d6 6. Nge2 Be6 7. d3 Qd7 8. Nd5 h6 9. Be3 Nf6 10. f3 Nd8 11. Qd2 Nxd5 12. cxd5 Bh3 13. 0-0 Bxg2 14. Kxg2 f6 15. Rac1 h5 16. h4 0-0 17. Rc4 c5 18. dxc6 bxc6 19. d4 d5 20. exd5 cxd5 21. Rcc1 Ne6 22. Rfd1 Rfd8 23. Nc3 exd4 24. Bxd4 Nxd4 25. Qxd4 f5 26. Qxd5+ Qxd5 27. Nxd5 Bxb2 28. Rb1 Bg7 29. Nf4 Rxd1 30. Rxd1 Rb8 31. a4 Rb6 32. Rd8+ Kh7 33. Rd7 Ra6 34. Rc7 Kg8 35. Rc4 Kf7 36. Kh3 Be5 37. Nd5 Ke6 38. Ne3 Rd6 39. f4 Bd4 40. Nc2 Bb6 41. Ne1 1/2-1/2

[Event "Leipzig VfB op 22nd"]
[Site "Leipzig"]
[Date "2015.03.07"]
[Round "8"]
[White "Sonntag, Hermann"]
[Black "Kaase, Julian"]
[Result "0-1"]
[WhiteElo "2074"]
[BlackElo "1689"]
[PlyCount "78"]
[EventDate "2015.03.03"]
[EventType "swiss"]
[EventRounds "9"]
[EventCountry "GER"]
[SourceTitle "EXT 2016"]
[Source "ChessBase"]
[SourceDate "2015.10.08"]
[SourceVersion "1"]
[SourceVersionDate "2015.10.08"]
[SourceQuality "1"]

1. e4 c5 2. Nc3 Nc6 3. f4 g6 4. Nf3 Bg7 5. Bb5 Nd4 6. a4 a6 7. Bc4 e6 8. 0-0 Ne7 9. d3 d5 10. Ba2 0-0 11. Nxd4 cxd4 12. Ne2 Bd7 13. Bb3 Bc6 14. Ng3 h5 15. Qe2 Re8 16. Bd2 h4 17. Nh1 dxe4 18. dxe4 d3 19. Qxd3 h3 20. Bc3 hxg2 21. Kxg2 Nf5 22. Rae1 Qb6 23. Bxg7 Kxg7 24. Qc3+ Kf8 25. Ng3 Ke7 26. a5 Qb5 27. Kg1 Nxg3 28. hxg3 Rh8 29. g4 Rh4 30. g5 Rg4+ 31. Kf2 Rxf4+ 32. Ke3 Rxf1 33. Rxf1 Qxf1 34. Qc5+ Ke8 35. Qe5 Qh3+ 36. Kd4 Rd8+ 37. Kc4 Qf1+ 38. Kc3 Qf3+ 39. Kb4 Qxe4+ 0-1

[Event "Oberliga Ost-A 1415"]
[Site "Germany"]
[Date "2015.02.22"]
[Round "8.5"]
[White "Ader, Gunter"]
[Black "Sonntag, Hermann"]
[Result "1-0"]
[WhiteElo "2028"]
[BlackElo "2133"]
[PlyCount "93"]
[EventDate "2014.09.21"]
[EventType "team-tourn"]
[EventRounds "11"]
[EventCountry "GER"]
[SourceTitle "EXT 2016"]
[Source "ChessBase"]
[SourceDate "2015.10.08"]
[SourceVersion "1"]
[SourceVersionDate "2015.10.08"]
[SourceQuality "1"]
[WhiteTeam "Dresden USV TU II"]
[BlackTeam "Leipzig SG II"]
[WhiteTeamCountry "GER"]
[BlackTeamCountry "GER"]

1. e4 e6 2. d4 d5 3. Nc3 Bb4 4. a3 Bxc3+ 5. bxc3 dxe4 6. Qg4 Nf6 7. Qxg7 Rg8 8. Qh6 Nbd7 9. Ne2 b6 10. c4 Bb7 11. h3 Qe7 12. Bb2 0-0-0 13. 0-0-0 Rg6 14. Qe3 Nh5 15. g4 Ng7 16. Rg1 h5 17. Nf4 Rg5 18. Bg2 f5 19. f3 exf3 20. Bxf3 fxg4 21. Bxb7+ Kxb7 22. Qe4+ Kc8 23. Nd5 Qd6 24. Nb4 Nb8 25. h4 Ra5 26. d5 exd5 27. Nxd5 Ne6 28. Rge1 Rxd5 29. Rxd5 Qf4+ 30. Qxf4 Nxf4 31. Rxd8+ Kxd8 32. Rf1 Ne6 33. Rf5 Ke7 34. Be5 Nc6 35. Rxh5 Nxe5 36. Rxe5 Kf6 37. Re1 g3 38. Rg1 Nf4 39. Kd1 g2 40. Kd2 Kf5 41. Ke3 Kg4 42. h5 Nxh5 43. Rxg2+ Kf5 44. Kd4 Ke6 45. c5 Kd7 46. cxb6 axb6 47. Ke5 1-0

[Event "Leipzig VfB op 21st"]
[Site "Leipzig"]
[Date "2014.03.06"]
[Round "5"]
[White "Sonntag, Hermann"]
[Black "Spiess, Gunter"]
[Result "1-0"]
[WhiteElo "2123"]
[BlackElo "2450"]
[PlyCount "31"]
[EventDate "2014.03.04"]
[EventType "tourn"]
[EventRounds "9"]
[EventCountry "GER"]
[SourceTitle "CBM 159 Extra"]
[Source "ChessBase"]
[SourceDate "2014.04.24"]
[SourceVersion "1"]
[SourceVersionDate "2014.04.24"]
[SourceQuality "1"]

1. e4 e6 2. d4 d5 3. Nc3 Nf6 4. e5 Nfd7 5. f4 c5 6. Nf3 Be7 7. Be3 b6 8. Qd2 0-0 9. g3 Nc6 10. h4 f6 11. Bh3 fxe5 12. Bxe6+ Kh8 13. Bxd5 cxd4 14. Bxc6 dxe3 15. Qd5 Rb8 16. 0-0-0 1-0

[Event "Oberliga Ost-A 1112"]
[Site "Germany"]
[Date "2012.04.15"]
[Round "11.8"]
[White "Sonntag, Hermann"]
[Black "Kregelin, Jan"]
[Result "1/2-1/2"]
[WhiteElo "2109"]
[BlackElo "2089"]
[PlyCount "49"]
[EventDate "2011.09.25"]
[EventType "team-tourn"]
[EventRounds "11"]
[EventCountry "GER"]
[SourceTitle "EXT 2013"]
[Source "ChessBase"]
[SourceDate "2012.11.22"]
[SourceVersion "1"]
[SourceVersionDate "2012.11.22"]
[SourceQuality "1"]
[WhiteTeam "Leipzig SG II"]
[BlackTeam "Hoyerswerda"]
[WhiteTeamCountry "GER"]
[BlackTeamCountry "GER"]

1. e4 c5 2. Nf3 d6 3. Bb5+ Bd7 4. a4 Nc6 5. 0-0 Nf6 6. Nc3 e6 7. d4 cxd4 8. Nxd4 Be7 9. Be3 0-0 10. f4 Nxd4 11. Bxd4 a6 12. Bd3 Bc6 13. a5 Nd7 14. Qe2 Qc7 15. Rf3 e5 16. Nd5 Bxd5 17. exd5 g6 18. f5 Bf6 19. Bf2 Nc5 20. Bc4 Rac8 21. c3 Ne4 22. Qxe4 Qxc4 23. Qxc4 Rxc4 24. fxg6 fxg6 25. Bb6 1/2-1/2

[Event "Oberliga Ost-A 1112"]
[Site "Germany"]
[Date "2011.09.25"]
[Round "1.7"]
[White "Klemm, Dietmar"]
[Black "Sonntag, Hermann"]
[Result "1-0"]
[WhiteElo "2195"]
[BlackElo "2109"]
[PlyCount "71"]
[EventDate "2011.09.25"]
[EventType "team-tourn"]
[EventRounds "11"]
[EventCountry "GER"]
[SourceTitle "EXT 2013"]
[Source "ChessBase"]
[SourceDate "2012.11.22"]
[SourceVersion "1"]
[SourceVersionDate "2012.11.22"]
[SourceQuality "1"]
[WhiteTeam "Leipzig SG III"]
[BlackTeam "Leipzig SG II"]
[WhiteTeamCountry "GER"]
[BlackTeamCountry "GER"]

1. d4 e6 2. c4 f5 3. g3 Nf6 4. Bg2 d5 5. Nf3 c6 6. b3 Bd6 7. 0-0 Qe7 8. Nbd2 0-0 9. Ne5 Bd7 10. Ndf3 Be8 11. Nd3 Nbd7 12. Nfe5 Bh5 13. Qc2 Rad8 14. a4 Ng4 15. Qb2 Bc7 16. Nf3 h6 17. Bd2 a5 18. Rac1 Bf7 19. Rfe1 g5 20. h4 e5 21. dxe5 Ndxe5 22. hxg5 dxc4 23. Ndxe5 Nxe5 24. Bc3 Nxf3+ 25. exf3 Qxg5 26. f4 Qg4 27. bxc4 b6 28. c5 bxc5 29. Qb7 Bxf4 30. Qxc6 Rd6 31. Qxc5 Rg6 32. Qd4 Be6 33. Qh8+ Kf7 34. Qh7+ Ke8 35. Bc6+ Kd8 36. Bxa5+ 1-0

[Event "Oberliga Ost-A 1011"]
[Site "Germany"]
[Date "2011.04.09"]
[Round "10.7"]
[White "Just, Wolfgang"]
[Black "Sonntag, Hermann"]
[Result "1-0"]
[WhiteElo "2175"]
[BlackElo "2110"]
[PlyCount "55"]
[EventDate "2010.10.24"]
[EventType "team-tourn"]
[EventRounds "11"]
[EventCountry "GER"]
[SourceTitle "EXT 2012"]
[Source "ChessBase"]
[SourceDate "2011.11.24"]
[SourceVersion "1"]
[SourceVersionDate "2011.11.24"]
[SourceQuality "1"]
[WhiteTeam "Leipzig Lok"]
[BlackTeam "Leipzig Gohlis"]
[WhiteTeamCountry "GER"]
[BlackTeamCountry "GER"]

1. e4 e6 2. d4 d5 3. exd5 exd5 4. Nf3 Nf6 5. c4 c6 6. Nc3 Be7 7. c5 b6 8. b4 0-0 9. Be2 Ne4 10. Nxe4 dxe4 11. Ne5 Be6 12. 0-0 a5 13. Bc4 Bd5 14. Ba3 axb4 15. Bxb4 f6 16. Bxd5+ Qxd5 17. Ng4 Rxa2 18. Ne3 Qf7 19. Rxa2 Qxa2 20. Nf5 Qf7 21. Qg4 Kh8 22. Qxe4 bxc5 23. Ba3 Bd8 24. Bxc5 Re8 25. Nd6 Qe7 26. Qb1 Nd7 27. Nxe8 Nxc5 28. Re1 1-0

[Event "Oberliga Ost-A 1011"]
[Site "Germany"]
[Date "2011.02.27"]
[Round "8.4"]
[White "Richter, Dustin"]
[Black "Sonntag, Hermann"]
[Result "1-0"]
[WhiteElo "2085"]
[BlackElo "2110"]
[PlyCount "80"]
[EventDate "2010.10.24"]
[EventType "team-tourn"]
[EventRounds "11"]
[EventCountry "GER"]
[SourceTitle "EXT 2012"]
[Source "ChessBase"]
[SourceDate "2011.11.24"]
[SourceVersion "1"]
[SourceVersionDate "2011.11.24"]
[SourceQuality "1"]
[WhiteTeam "Sangerhausen"]
[BlackTeam "Leipzig Gohlis"]
[WhiteTeamCountry "GER"]
[BlackTeamCountry "GER"]

1. e4 e6 2. d4 d5 3. Nc3 Bb4 4. e5 c5 5. a3 Bxc3+ 6. bxc3 Qc7 7. Nf3 Bd7 8. a4 Ne7 9. Be2 Nbc6 10. 0-0 f6 11. Bf4 Ng6 12. Bg3 fxe5 13. Bd3 Qa5 14. Bxg6+ hxg6 15. Bxe5 Nxe5 16. Nxe5 Qxc3 17. Rb1 b6 18. Qg4 Rh6 19. Rfd1 Qxc2 20. a5 cxd4 21. axb6 axb6 22. Qxd4 Qc5 23. Qf4 Qe7 24. Rxb6 g5 25. Qg3 Bc8 26. Rc1 Kf8 27. Ng4 Rh4 28. Rb8 Rxb8 29. Qxb8 Rxg4 30. Rxc8+ Kf7 31. Rc7 Rc4 32. Rxe7+ Kxe7 33. Kf1 g4 34. Qe5 Kf7 35. f3 gxf3 36. gxf3 Rc8 37. f4 g6 38. h4 Rc4 39. h5 gxh5 40. f5 Re4 1-0

[Event "Leipzig VfB op 16th"]
[Site "Leipzig"]
[Date "2009.04.01"]
[Round "2"]
[White "Meijers, Viesturs"]
[Black "Sonntag, Hermann"]
[Result "1-0"]
[WhiteElo "2493"]
[BlackElo "2065"]
[PlyCount "73"]
[EventDate "2009.03.31"]
[EventType "swiss"]
[EventRounds "9"]
[EventCountry "GER"]
[SourceTitle "EXT 2010"]
[Source "ChessBase"]
[SourceDate "2010.11.25"]
[SourceVersion "1"]
[SourceVersionDate "2010.11.25"]
[SourceQuality "1"]

1. b3 e5 2. Bb2 Nc6 3. c4 Nf6 4. e3 d5 5. cxd5 Nxd5 6. a3 Be6 7. b4 f6 8. Be2 Qd7 9. Nf3 g5 10. b5 Nce7 11. d4 g4 12. Nfd2 Bg7 13. Ne4 b6 14. dxe5 fxe5 15. Nbd2 0-0 16. 0-0 Kh8 17. Rc1 Rad8 18. Qc2 Bg8 19. Rfd1 Qf5 20. Nf1 h5 21. Bd3 h4 22. Qe2 Ng6 23. Bb1 Qh5 24. Nc3 Nf6 25. Rxd8 Rxd8 26. Ne4 Rd7 27. Nxf6 Bxf6 28. h3 Be6 29. Nh2 Ne7 30. Nxg4 Bg7 31. Qf3 Qg5 32. Qa8+ Ng8 33. Qe4 Nf6 34. Qxe5 Qxe5 35. Nxe5 Rd2 36. Bc3 Rd5 37. Ng6+ 1-0

[Event "Leipzig VfB op 16th"]
[Site "Leipzig"]
[Date "2009.03.31"]
[Round "1"]
[White "Sonntag, Hermann"]
[Black "Kuenne, Lutz Dieter"]
[Result "1-0"]
[WhiteElo "2065"]
[BlackElo "1620"]
[PlyCount "57"]
[EventDate "2009.03.31"]
[EventType "swiss"]
[EventRounds "9"]
[EventCountry "GER"]
[SourceTitle "EXT 2010"]
[Source "ChessBase"]
[SourceDate "2010.11.25"]
[SourceVersion "1"]
[SourceVersionDate "2010.11.25"]
[SourceQuality "1"]

1. e4 c5 2. Nf3 e6 3. d4 cxd4 4. Nxd4 a6 5. c4 Nc6 6. Be3 Nf6 7. Nc3 Qc7 8. Rc1 d6 9. Be2 Be7 10. 0-0 0-0 11. a3 Nxd4 12. Qxd4 e5 13. Qd2 Bd7 14. Rfd1 Bc6 15. f3 Rfd8 16. b4 Qb8 17. Bb6 Rc8 18. a4 Nd7 19. Bf2 b6 20. h4 Nf6 21. Qe3 Nh5 22. g3 Bd8 23. Qd2 Ra7 24. b5 axb5 25. axb5 Be8 26. Qxd6 f6 27. Kg2 Rd7 28. Qe6+ Rf7 29. Qxe8+ 1-0

[Event "Oberliga Ost-A 0809"]
[Site "Germany"]
[Date "2009.03.28"]
[Round "10.8"]
[White "Kuna, Ralf Michael"]
[Black "Sonntag, Hermann"]
[Result "0-1"]
[WhiteElo "2116"]
[BlackElo "2065"]
[PlyCount "86"]
[EventDate "2008.10.12"]
[EventType "team-tourn"]
[EventRounds "11"]
[EventCountry "GER"]
[SourceTitle "EXT 2010"]
[Source "ChessBase"]
[SourceDate "2010.11.25"]
[SourceVersion "1"]
[SourceVersionDate "2010.11.25"]
[SourceQuality "1"]
[WhiteTeam "Magdeburg Rochade"]
[BlackTeam "Leipzig Lok II"]
[WhiteTeamCountry "GER"]
[BlackTeamCountry "GER"]

1. e4 e6 2. d4 d5 3. Nc3 Bb4 4. e5 c5 5. a3 Bxc3+ 6. bxc3 Qc7 7. Qg4 f5 8. Qh5+ g6 9. Qd1 Bd7 10. Nf3 Ba4 11. Bd3 Nd7 12. Be3 h6 13. h4 0-0-0 14. Qd2 Kb8 15. Kf1 c4 16. Be2 Qa5 17. g3 Nb6 18. Kg2 Rd7 19. Rhb1 Rdh7 20. Rh1 Ne7 21. Rae1 Bd7 22. Qc1 Na4 23. Bd2 Nc6 24. Qb1 a6 25. Rd1 Qd8 26. Rh2 Qe7 27. Qa1 Na7 28. Rb1 g5 29. hxg5 hxg5 30. Rxh7 Qxh7 31. Rh1 Qxh1+ 32. Qxh1 Rxh1 33. Kxh1 g4 34. Ng5 Nb5 35. Kg2 Naxc3 36. Kf1 Kc7 37. a4 Nxa4 38. Be3 Na3 39. Bd1 b5 40. Ke1 c3 41. Bc1 Nb2 42. f3 gxf3 43. Nxf3 a5 0-1

[Event "Leipzig VfB op 15th"]
[Site "Leipzig"]
[Date "2008.02.27"]
[Round "2"]
[White "Sonntag, Hermann"]
[Black "Hoffmann, Paul"]
[Result "0-1"]
[WhiteElo "2071"]
[BlackElo "2312"]
[PlyCount "82"]
[EventDate "2008.02.26"]
[EventType "swiss"]
[EventRounds "9"]
[EventCountry "GER"]
[SourceTitle "CBM 123 Extra"]
[Source "ChessBase"]
[SourceDate "2008.05.06"]
[SourceVersion "1"]
[SourceVersionDate "2008.05.06"]
[SourceQuality "1"]

1. e4 d5 2. exd5 Qxd5 3. Nc3 Qa5 4. d4 Nf6 5. Nf3 c6 6. Bc4 Bg4 7. h3 Bh5 8. g4 Bg6 9. Ne5 e6 10. Qe2 Nbd7 11. Nxg6 hxg6 12. Bd2 Bb4 13. 0-0-0 0-0-0 14. a3 Bxc3 15. Bxc3 Qc7 16. b4 Nb6 17. Bb3 Nbd5 18. Bd2 Nf4 19. Qe5 Qxe5 20. dxe5 Ne2+ 21. Kb2 Nxg4 22. hxg4 Rxh1 23. Rxh1 Rxd2 24. Rh8+ Rd8 25. Rh7 Rg8 26. c3 Kd7 27. Bd1 Nf4 28. Kc2 g5 29. c4 Ng6 30. Rh5 Nxe5 31. Rxg5 Nxc4 32. a4 g6 33. Rc5 Nd6 34. Bf3 Rc8 35. Ra5 Nc4 36. Rc5 Nb6 37. Kb3 Nd5 38. Rc1 Rh8 39. Bxd5 Rh3+ 40. Kc4 exd5+ 41. Kd4 Kd6 0-1